Roczniki dziejów spolecznych i gospodarczych rok 1988
Salvato in:
| Natura: | Libro |
|---|---|
| Lingua: | polacco |
| Pubblicazione: |
Warszawa
Wyd. Naukowe
1991
|
| Tags: |
Nessun Tag, puoi essere il primo ad aggiungerne!!
|
MARC
| LEADER | 00000nam a2200000 4500 | ||
|---|---|---|---|
| 001 | c000248 | ||
| 005 | 20250820104135.7 | ||
| 020 | |a 83-01-08738-2 | ||
| 041 | 0 | |a pol | |
| 044 | |a PL | ||
| 245 | 1 | 0 | |a Roczniki dziejów spolecznych i gospodarczych |b rok 1988 |
| 264 | 1 | |a Warszawa |b Wyd. Naukowe |c 1991 | |
| 300 | |a 291 s. | ||